000 00881cam a2200301 a 4500
999 _c8750
_d8750
001 8750
003 BD-JhCC
005 20180303174454.0
008 890703s1990 maua 001 0 eng d
020 _a0395516919
035 _a(BD-JhCC)8750
040 _aBD-JhCC
_cDLC
_dBD-JhCC
041 _aeng
050 0 0 _aPE1417
_b.C648 1990
082 0 0 _a808/.0427
_220
_bCON 1990
100 1 _aConlin, Mary Lou.
245 1 0 _aPatterns plus :
_ba short prose reader with argumentation /
_cMary Lou Conlin.
250 _a3rd ed.
260 _aBoston :
_bHoughton Mifflin Co.,
_cc1990.
300 _axxviii, 433 p. ;
_c24 cm.
500 _aIncludes index.
504 _aIncludes Index
650 0 _aCollege readers.
650 0 _aEnglish language
_xRhetoric
_xProblems, exercises, etc.
650 0 _aReport writing
_xProblems, exercises, etc.
942 _2ddc
_cBK